=LDR 00000nam 2200000 4500 =001 INLIS000000000810428 =005 20251209092946 =035 ##$$a 0010-1225000066 =007 ta =008 251209###########################0###### =020 ##$$a 979-3536-22-5 =082 ##$$a 297.2 =084 ##$$a 297.2 AQI m =245 ##$$a Manhaj Aqidah Imam Asy-Syafii /$c Dr. Muhammad bin 'Abdul Wahab al-'Aqil =250 ##$$a Cet. 1 =260 ##$:$b Pustaka Imam Asy-Syafi'i, =300 ##$$a xii, 642 hlm. ; $c 17 x 24 cm